<?xml version="1.0" encoding="UTF-8"?>
<record
    xmlns:xsi="http://www.w3.org/2001/XMLSchema-instance"
    xsi:schemaLocation="http://www.loc.gov/MARC21/slim http://www.loc.gov/standards/marcxml/schema/MARC21slim.xsd"
    xmlns="http://www.loc.gov/MARC21/slim">

  <leader>00655nam a22001337a 4500</leader>
  <datafield tag="040" ind1=" " ind2=" ">
    <subfield code="c">RUA </subfield>
  </datafield>
  <datafield tag="082" ind1=" " ind2=" ">
    <subfield code="a">AVM PHO 2012 B0100 Or.1</subfield>
  </datafield>
  <datafield tag="100" ind1=" " ind2=" ">
    <subfield code="a">PHOUNG PHANITH</subfield>
  </datafield>
  <datafield tag="245" ind1=" " ind2=" ">
    <subfield code="a">Sentinet flock surveillance of avian influenza a/h5n1 in prey veng province, (&#x1780;&#x17B6;&#x179A;&#x17A2;&#x1784;&#x17D2;&#x1780;&#x17C1;&#x178F;&#x178F;&#x17B6;&#x1798;&#x178A;&#x17B6;&#x1793;&#x1783;&#x17D2;&#x179B;&#x17C6;&#x17B6;&#x1798;&#x17BE;&#x179B;&#x1787;&#x17C6;&#x1784;&#x17BA;&#x1795;&#x17D2;&#x178A;&#x17B6;&#x179F;&#x1799;&#x1794;&#x1780;&#x17D2;&#x179F;&#x17B8;&#x1794;&#x17D2;&#x179A;&#x1797;&#x17C1;&#x1791; A/H5N1 &#x179B;&#x17BE;&#x17A0;&#x17D2;&#x179C;&#x17BC;&#x1784;&#x1791;&#x17B6;&#x1780;&#x17D2;&#x1793;&#x17BB;&#x1784;&#x1781;&#x17C1;&#x178F;&#x17D2;&#x178F;&#x1796;&#x17D2;&#x179A;&#x17C3;&#x179C;&#x17C2;&#x1784;)</subfield>
  </datafield>
  <datafield tag="260" ind1=" " ind2=" ">
    <subfield code="a">phnom penh </subfield>
    <subfield code="b">rua</subfield>
    <subfield code="c">2012</subfield>
  </datafield>
  <datafield tag="300" ind1=" " ind2=" ">
    <subfield code="a">ix; 36p.</subfield>
    <subfield code="b">ill.</subfield>
    <subfield code="c">29cm.</subfield>
  </datafield>
  <datafield tag="856" ind1=" " ind2=" ">
    <subfield code="u">https://drive.google.com/file/d/1AwB9UHbzKgd7BmahEpQIRbB3aRQucE5p/view?usp=sharing</subfield>
  </datafield>
  <datafield tag="942" ind1=" " ind2=" ">
    <subfield code="c">AVM</subfield>
  </datafield>
  <datafield tag="999" ind1=" " ind2=" ">
    <subfield code="c">2535</subfield>
    <subfield code="d">2535</subfield>
  </datafield>
  <datafield tag="952" ind1=" " ind2=" ">
    <subfield code="0">0</subfield>
    <subfield code="1">0</subfield>
    <subfield code="2">ddc</subfield>
    <subfield code="4">0</subfield>
    <subfield code="6">AVM_PHO_2012_000000000000000_B0100_OR_1</subfield>
    <subfield code="7">0</subfield>
    <subfield code="9">11675</subfield>
    <subfield code="a">LBB</subfield>
    <subfield code="b">LBB</subfield>
    <subfield code="c">B100</subfield>
    <subfield code="d">2015-10-22</subfield>
    <subfield code="l">1</subfield>
    <subfield code="o">AVM PHO 2012 B0100 Or.1</subfield>
    <subfield code="p">RUA016740</subfield>
    <subfield code="r">2016-06-29</subfield>
    <subfield code="s">2016-06-09</subfield>
    <subfield code="w">2015-10-22</subfield>
    <subfield code="y">AVM</subfield>
  </datafield>
  <datafield tag="952" ind1=" " ind2=" ">
    <subfield code="0">0</subfield>
    <subfield code="1">0</subfield>
    <subfield code="2">ddc</subfield>
    <subfield code="4">0</subfield>
    <subfield code="6">AVM_PHO_2012_000000000000000_B0100_OR_2</subfield>
    <subfield code="7">0</subfield>
    <subfield code="9">11676</subfield>
    <subfield code="a">LBB</subfield>
    <subfield code="b">LBB</subfield>
    <subfield code="c">B100</subfield>
    <subfield code="d">2015-10-22</subfield>
    <subfield code="l">4</subfield>
    <subfield code="o">AVM PHO 2012 B0100 Or.2</subfield>
    <subfield code="p">RUA018410</subfield>
    <subfield code="r">2019-08-09</subfield>
    <subfield code="s">2019-07-23</subfield>
    <subfield code="w">2015-10-22</subfield>
    <subfield code="y">AVM</subfield>
  </datafield>
  <datafield tag="952" ind1=" " ind2=" ">
    <subfield code="0">0</subfield>
    <subfield code="1">0</subfield>
    <subfield code="2">ddc</subfield>
    <subfield code="4">0</subfield>
    <subfield code="6">AVM_PHO_2012_000000000000000_B0100_OR_3</subfield>
    <subfield code="7">0</subfield>
    <subfield code="9">11677</subfield>
    <subfield code="a">LBB</subfield>
    <subfield code="b">LBB</subfield>
    <subfield code="c">B100</subfield>
    <subfield code="d">2015-10-22</subfield>
    <subfield code="o">AVM PHO 2012 B0100 Or.3</subfield>
    <subfield code="p">RUA018471</subfield>
    <subfield code="r">2015-10-22</subfield>
    <subfield code="w">2015-10-22</subfield>
    <subfield code="y">AVM</subfield>
  </datafield>
  <datafield tag="952" ind1=" " ind2=" ">
    <subfield code="0">0</subfield>
    <subfield code="1">0</subfield>
    <subfield code="2">ddc</subfield>
    <subfield code="4">0</subfield>
    <subfield code="6">AVM_PHO_2012_000000000000000_B0100_OR_4</subfield>
    <subfield code="7">0</subfield>
    <subfield code="9">11678</subfield>
    <subfield code="a">LBB</subfield>
    <subfield code="b">LBB</subfield>
    <subfield code="c">B100</subfield>
    <subfield code="d">2015-10-22</subfield>
    <subfield code="l">1</subfield>
    <subfield code="o">AVM PHO 2012 B0100 Or.4</subfield>
    <subfield code="p">RUA018338</subfield>
    <subfield code="r">2018-05-09</subfield>
    <subfield code="s">2018-04-25</subfield>
    <subfield code="w">2015-10-22</subfield>
    <subfield code="y">AVM</subfield>
  </datafield>
  <datafield tag="952" ind1=" " ind2=" ">
    <subfield code="0">0</subfield>
    <subfield code="1">0</subfield>
    <subfield code="2">ddc</subfield>
    <subfield code="4">0</subfield>
    <subfield code="6">AVM_PHO_2012_000000000000000_B0100_OR_5</subfield>
    <subfield code="7">0</subfield>
    <subfield code="9">11679</subfield>
    <subfield code="a">LBB</subfield>
    <subfield code="b">LBB</subfield>
    <subfield code="c">B100</subfield>
    <subfield code="d">2015-10-22</subfield>
    <subfield code="o">AVM PHO 2012 B0100 Or.5</subfield>
    <subfield code="p">RUA018194</subfield>
    <subfield code="r">2015-10-22</subfield>
    <subfield code="w">2015-10-22</subfield>
    <subfield code="y">AVM</subfield>
  </datafield>
  <datafield tag="952" ind1=" " ind2=" ">
    <subfield code="0">0</subfield>
    <subfield code="1">0</subfield>
    <subfield code="2">ddc</subfield>
    <subfield code="4">0</subfield>
    <subfield code="6">AVM_PHO_2012_000000000000000_B0100_OR_6</subfield>
    <subfield code="7">0</subfield>
    <subfield code="9">11680</subfield>
    <subfield code="a">LBB</subfield>
    <subfield code="b">LBB</subfield>
    <subfield code="c">B100</subfield>
    <subfield code="d">2015-10-22</subfield>
    <subfield code="o">AVM PHO 2012 B0100 Or.6</subfield>
    <subfield code="p">RUA018122</subfield>
    <subfield code="r">2015-10-22</subfield>
    <subfield code="w">2015-10-22</subfield>
    <subfield code="y">AVM</subfield>
  </datafield>
  <datafield tag="952" ind1=" " ind2=" ">
    <subfield code="0">0</subfield>
    <subfield code="1">0</subfield>
    <subfield code="2">ddc</subfield>
    <subfield code="4">0</subfield>
    <subfield code="6">AVM_PHO_2012_000000000000000_B01_234_OR_1</subfield>
    <subfield code="7">0</subfield>
    <subfield code="9">78860</subfield>
    <subfield code="a">LBB</subfield>
    <subfield code="b">LBB</subfield>
    <subfield code="c">B1.234</subfield>
    <subfield code="d">2019-05-28</subfield>
    <subfield code="o">AVM PHO 2012 B01.234 Or.1</subfield>
    <subfield code="p">A36880</subfield>
    <subfield code="r">2019-05-28</subfield>
    <subfield code="w">2019-05-28</subfield>
    <subfield code="y">AVM</subfield>
  </datafield>
  <datafield tag="952" ind1=" " ind2=" ">
    <subfield code="0">0</subfield>
    <subfield code="1">0</subfield>
    <subfield code="2">ddc</subfield>
    <subfield code="4">0</subfield>
    <subfield code="6">AVM_PHO_2012_000000000000000_B1_234_OR_2</subfield>
    <subfield code="7">0</subfield>
    <subfield code="9">78861</subfield>
    <subfield code="a">LBB</subfield>
    <subfield code="b">LBB</subfield>
    <subfield code="c">B1.234</subfield>
    <subfield code="d">2019-05-28</subfield>
    <subfield code="o">AVM PHO 2012 B1.234 Or.2</subfield>
    <subfield code="p">A37185</subfield>
    <subfield code="r">2019-05-28</subfield>
    <subfield code="w">2019-05-28</subfield>
    <subfield code="y">AVM</subfield>
  </datafield>
</record>
